| 000 | 00693cam a22002413a 4500 | ||
|---|---|---|---|
| 001 | 181 | ||
| 003 | PGUSA | ||
| 005 | 20140828082945.0 | ||
| 008 | 010101s2001||||xxu|||||s|||||000 | eng d | ||
| 040 |
_aPGUSA _beng |
||
| 042 | _adc | ||
| 050 | 4 | _aZ | |
| 100 | 1 | _aPerathoner, Marcello | |
| 245 | 1 | 4 |
_aThe Project Gutenberg RST Manual _h[electronic resource] / _cMarcello Perathoner |
| 260 |
_bProject Gutenberg, _c2001 |
||
| 506 | _aPublic domain in the USA. | ||
| 516 | _aElectronic text | ||
| 653 | _aElectronic books | ||
| 653 | _aElectronic publishing -- Handbooks, manuals, etc. | ||
| 830 | 0 |
_aProject Gutenberg _v181 |
|
| 856 | 4 | 0 | _uhttp://www.gutenberg.org/ebooks/181 |
| 942 | _cEB | ||
| 999 |
_c229552 _d229552 |
||